Harry Potter Sudden Death Ravenclaw - Statistiken

Allgemein
  • Dieses Quiz wurde 155 mal gespielt
  • Das Durchschnittsergebnis liegt bei 4 aus 9
Answers on the Grid
Answers color-coded by a green-red scale on the quiz's grid according to % correct below.
Luna Lovegood
Cedric Diggory
Nymphadora Tonks
Cho Chang
Hannah Abbott
Filius Flitwick
Susan Bones
Die graue Dame
Horace Slughorn
Padma Patil
Sybill Trewlaney
Lavender Brown
Gilderoy Lockhart
Die maulende Myrte
Oliver Wood
Garrick Ollivander
Minerva McGonagall
Fleur Delacour
 
Antwortstatistiken
Antwort % Korrekt
Luna Lovegood
90%
Cho Chang
70%
Die graue Dame
48%
Filius Flitwick
48%
Padma Patil
41%
Die maulende Myrte
40%
Gilderoy Lockhart
35%
Garrick Ollivander
33%
Sybill Trewlaney
31%
Keine übereinstimmenden Quizze gefunden
Verteilung der Resultate
Anzahl Personen mit jedem Resultat
Perzentil nach korrekt beantworteten Fragen
Ihre Resultats-Entwicklung
Sie haben dieses Quiz noch nicht gespielt